日本海軍 登場艦 - Statistics

General Stats
  • This quiz has been taken 8 times
  • The average score is 6 of 88
Answer Stats
登場番 答え % Correct
5番 大和
88%
12番 武藏
75%
7番 赤城
50%
15番 出雲
38%
3番 富士
25%
15番 比叡
25%
15番 愛宕
25%
15番 鳥海
25%
16番 金剛
25%
2番 甲鐡艦(東)
13%
4番 高雄
13%
5番 千歳
13%
7番 葛城
13%
7番 摩耶
13%
8番 和泉
13%
9番
13%
9番 三笠
13%
9番 春雨
13%
10番 明石
13%
11番 筑紫
13%
13番
13%
14番
13%
14番
13%
14番 叢雲
13%
15番
13%
15番 八雲
13%
18番
13%
1番 敷島
0%
1番 秋津洲
0%
3番 朝日
0%
3番 扶桑
0%
4番 厳島
0%
4番 高千穂
0%
4番 高砂
0%
4番 新高
0%
5番 筑波
0%
5番 吉野
0%
6番 千代田
0%
6番 常磐
0%
6番 松島
0%
6番 橋立
0%
7番 海門
0%
7番 天城
0%
7番 笠置
0%
8番 浪速
0%
8番 龍田
0%
8番 八島
0%
9番 春日
0%
9番
0%
10番 朝霧
0%
10番 朝潮
0%
10番 音羽
0%
10番 須磨
0%
11番 不知火
0%
11番 千早
0%
12番 吾妻
0%
12番 宮古
0%
12番 日進
0%
12番 白雲
0%
12番 天龍
0%
13番 小鷹
0%
13番 速鳥
0%
13番 薄雲
0%
14番 村雨
0%
14番 東雲
0%
14番 淺間
0%
15番 八重山
0%
15番 磐手
0%
15番 磐城
0%
16番 對馬
0%
16番 宇治
0%
16番 初瀬
0%
16番 豊橋
0%
16番 大島
0%
17番 陽炎
0%
17番 夕霧
0%
18番
0%
18番 福竜
0%
19番 鎭遠
0%
19番 濟遠
0%
19番 平遠
0%
19番 鎭東
0%
19番 鎭西
0%
19番 鎭南
0%
20番 鎭北
0%
20番 鎭中
0%
20番 鎭辺
0%
20番 操江
0%
No matching quizzes found
Score Distribution
Percent of People with Each Score
Percentile by Number Answered
Your Score History
You have not taken this quiz